Housing development in Kilimanjaro (Record no. 45725)

MARC details
000 -LEADER
fixed length control field 00847nam a2200217 a 4500
008 - FIXED-LENGTH DATA ELEMENTS--GENERAL INFORMATION
fixed length control field 100212s1976 ||||||||||||||||| || u
050 ## - LIBRARY OF CONGRESS CALL NUMBER
Classification number GOV.TAN(08)6
100 ## - MAIN ENTRY--PERSONAL NAME
Personal name Kimati, V
245 10 - TITLE STATEMENT
Title Housing development in Kilimanjaro
Statement of responsibility, etc. By V. Kimati, H. Helland and Z. Poonja
260 ## - PUBLICATION, DISTRIBUTION, ETC.
Place of publication, distribution, etc. Dar-es-Salaam:
Name of publisher, distributor, etc. National Housing (Tanzania)
Date of publication, distribution, etc. 1976
300 ## - PHYSICAL DESCRIPTION
Extent 81p.: ill.
350 ## - PRICE (NR) (BK AM CF MU VM SE) [OBSOLETE]
Price 0.00
500 ## - GENERAL NOTE
General note Working Report No. 6
650 ## - SUBJECT ADDED ENTRY--TOPICAL TERM
Topical term or geographic name entry element HOUSING DEVELOPMENT--TANZANIA
650 ## - SUBJECT ADDED ENTRY--TOPICAL TERM
Topical term or geographic name entry element HOUSING
650 ## - SUBJECT ADDED ENTRY--TOPICAL TERM
Topical term or geographic name entry element HOUSING--RESEARCH--TANZANIA
700 ## - ADDED ENTRY--PERSONAL NAME
Personal name Poonja, Z
700 ## - ADDED ENTRY--PERSONAL NAME
Personal name Helland, H
710 ## - ADDED ENTRY--CORPORATE NAME
Corporate name or jurisdiction name as entry element Government of the Republic of Tanzania. Ministry of Lands, Housing and Urban Development
995 ## - RECOMMENDATION 995 [LOCAL, UNIMARC FRANCE]
-- 0.00
-- CBU-MAIN LIBRARY (Kitwe)
-- 1
-- 0.00
-- 1
-- AVAILABLE
-- Feb 12, 2010
-- International Publications
Holdings
Withdrawn status Lost status Source of classification or shelving scheme Damaged status Not for loan Home library Current library Shelving location Date acquired Total Checkouts Full call number Barcode Date last seen Price effective from Koha item type
          CBU-MAIN LIBRARY, KITWE. CBU-MAIN LIBRARY, KITWE.   11/30/2022   GOV.TAN(08)6 03005906 11/30/2022 11/30/2022 MONOGRAPH